000 00712nam a2200217 a 4500
001 000015308
005 20240530073917.0
008 100205s2000 dr 000 f spa d
020 _a999348461X
040 _aDO-SdBNP
_bspa
_cBNPHU
082 _aRD863.44
_bP438d
100 1 _aPérez Espinal, Fernando Esteban
_d1951 -
_929300
245 1 0 _aDinero marcado :
_bamigos combatientes /
_cFernando Esteban Pérez Espinal.
260 _aSanto Domingo :
_bTaller,
_c2000.
300 _a113 p. ;
_c21 cm.
500 _aIncluye datos biográficos del autor
590 _aInventariado, 2019/VM
650 0 _aNovela dominicana
_9223
650 0 _aLiteratura dominicana.
_967
910 _aValidado. Control de calidad MFF
999 _c14874
_d14874